[Event "Campeonato España Sub 16"]
[Site "Salobreña"]
[Date "2017.07.26"]
[Round "4"]
[White "Martinez Bernardo, Aitor"]
[Black "Marzo Pie, Xavier"]
[Result "1-0"]
[Board "26"]
[WhiteClock "1:30"]
[WhiteElo "1803"]
[WhiteCountry "ESP"]
[WhiteFideId "32010109"]
[WhiteEloChange "15"]
[BlackClock "1:30"]
[BlackElo "1996"]
[BlackCountry "ESP"]
[BlackFideId "32086440"]
[BlackEloChange "-15"]

1. c4 {[%clk 1:30:00]} c5 {[%clk 1:30:00]} 2. Nc3 {[%clk 1:30:00]} Nc6 {[%clk
1:31:00]} 3. e3 {[%clk 1:30:00]} g6 {[%clk 1:23:00]} 4. d4 {[%clk 1:31:00]} cxd4
{[%clk 1:24:00]} 5. exd4 {[%clk 1:31:00]} Bg7 {[%clk 1:24:00]} 6. Nf3 {[%clk
1:28:00]} d6 {[%clk 1:22:00]} 7. Be2 {[%clk 1:28:00]} Nf6 {[%clk 1:22:00]} 8. O-O
{[%clk 1:29:00]} O-O {[%clk 1:21:00]} 9. h3 {[%clk 1:27:00]} d5 {[%clk 1:17:00]}
10. Be3 {[%clk 1:23:00]} b6 {[%clk 1:14:00]} 11. Rc1 {[%clk 1:20:00]} Bb7 {[%clk
1:13:00]} 12. a3 {[%clk 1:15:00]} dxc4 {[%clk 1:07:00]} 13. Bxc4 {[%clk 1:16:00]}
e6 {[%clk 1:07:00]} 14. Qe2 {[%clk 1:13:00]} Ne7 {[%clk 1:04:00]} 15. Rfd1 {[%clk
1:09:00]} Ned5 {[%clk 1:04:00]} 16. Ba2 {[%clk 1:09:00]} Qe7 {[%clk 0:59:00]} 17.
Bg5 {[%clk 1:08:00]} Rfd8 {[%clk 0:59:00]} 18. Nxd5 {[%clk 1:05:00]} Bxd5 {[%clk
0:59:00]} 19. Bxd5 {[%clk 1:05:00]} Rxd5 {[%clk 0:59:00]} 20. Rc2 {[%clk
1:05:00]} h6 {[%clk 0:56:00]} 21. Bh4 {[%clk 1:05:00]} Rad8 {[%clk 0:50:00]} 22.
Rdc1 {[%clk 1:04:00]} Qe8 {[%clk 0:27:00]} 23. Rc7 {[%clk 1:02:00]} R5d7 {[%clk
0:27:00]} 24. Qa6 {[%clk 1:02:00]} g5 {[%clk 0:23:00]} 25. Bg3 {[%clk 1:01:00]}
g4 {[%clk 0:22:00]} 26. Ne5 {[%clk 0:58:00]} Rxd4 {[%clk 0:21:00]} 27. Nxf7
{[%clk 0:55:00]} Rd1+ {[%clk 0:14:56]} 28. Rxd1 {[%clk 0:55:00]} Rxd1+ {[%clk
0:15:22]} 29. Kh2 {[%clk 0:56:00]} Kh7 {[%clk 0:14:34]} 30. Ne5 {[%clk 0:55:00]}
gxh3 {[%clk 0:13:42]} 31. gxh3 {[%clk 0:56:00]} Qh5 {[%clk 0:12:26]} 32. Qxa7
{[%clk 0:48:00]} Ne8 {[%clk 0:11:33]} 33. Rd7 {[%clk 0:47:00]} Ra1 {[%clk
0:05:29]} 34. Ng4 {[%clk 0:38:00]} Kh8 {[%clk 0:02:12]} 35. Qa8 {[%clk 0:38:00]}
Kh7 {[%clk 0:01:51]} 36. Qb7 {[%clk 0:38:00]} Kh8 {[%clk 0:01:58]} 37. Re7 {[%clk
0:37:00]} Kh7 {[%clk 0:01:43]} 38. Rxg7+ {[%clk 0:37:00]} 1-0

[Event "Campeonato España Sub 16"]
[Site "Salobreña"]
[Date "2017.07.26"]
[Round "4"]
[White "Munoz Garcia, Jesus"]
[Black "Fuentes Perez, Noe"]
[Result "1/2-1/2"]
[Board "27"]
[WhiteClock "1:30"]
[WhiteElo "1994"]
[WhiteCountry "ESP"]
[WhiteFideId "32064543"]
[WhiteEloChange "-6"]
[BlackClock "1:30"]
[BlackElo "1736"]
[BlackCountry "ESP"]
[BlackFideId "24536334"]
[BlackEloChange "6"]

1. e4 {[%clk 1:30:00]} c5 {[%clk 1:30:00]} 2. Nf3 {[%clk 1:31:00]} e6 {[%clk
1:31:00]} 3. g3 {[%clk 1:31:00]} Nc6 {[%clk 1:31:00]} 4. Bg2 {[%clk 1:31:00]} Qc7
{[%clk 1:30:00]} 5. O-O {[%clk 1:29:00]} Nge7 {[%clk 1:30:00]} 6. Nc3 {[%clk
1:26:00]} a6 {[%clk 1:30:00]} 7. d3 {[%clk 1:19:00]} g6 {[%clk 1:27:00]} 8. Be3
{[%clk 1:16:00]} d6 {[%clk 1:27:00]} 9. Qd2 {[%clk 1:14:00]} Bg7 {[%clk 1:26:00]}
10. Bh6 {[%clk 1:12:00]} O-O {[%clk 1:26:00]} 11. Qf4 {[%clk 1:06:00]} Nd4 {[%clk
1:21:00]} 12. Rac1 {[%clk 0:58:00]} Nxf3+ {[%clk 0:56:00]} 13. Bxf3 {[%clk
0:58:00]} Nc6 {[%clk 0:53:00]} 14. Bxg7 {[%clk 0:54:00]} Kxg7 {[%clk 0:53:00]}
15. Ne2 {[%clk 0:53:00]} b5 {[%clk 0:50:00]} 16. g4 {[%clk 0:47:00]} Bb7 {[%clk
0:33:00]} 17. Qg3 {[%clk 0:45:00]} f5 {[%clk 0:27:00]} 18. exf5 {[%clk 0:38:00]}
exf5 {[%clk 0:26:00]} 19. Nf4 {[%clk 0:36:00]} Nd4 {[%clk 0:25:00]} 20. Bd1
{[%clk 0:23:00]} Qc6 {[%clk 0:20:00]} 21. f3 {[%clk 0:18:04]} fxg4 {[%clk
0:20:00]} 22. Qxg4 {[%clk 0:16:18]} Rf7 {[%clk 0:09:51]} 23. c3 {[%clk 0:12:34]}
Bc8 {[%clk 0:06:18]} 24. Qg5 {[%clk 0:08:35]} Ne6 {[%clk 0:04:17]} 25. Nxe6+
{[%clk 0:07:54]} Bxe6 {[%clk 0:04:43]} 26. f4 {[%clk 0:07:49]} h6 {[%clk
0:03:37]} 27. Qg3 {[%clk 0:07:51]} c4 {[%clk 0:03:03]} 28. d4 {[%clk 0:06:31]}
Raf8 {[%clk 0:02:26]} 29. Bh5 {[%clk 0:05:27]} Rf6 {[%clk 0:02:15]} 30. Rce1
{[%clk 0:04:55]} Bf5 {[%clk 0:02:09]} 31. Bf3 {[%clk 0:03:39]} Qd7 {[%clk
0:02:03]} 32. Re3 {[%clk 0:03:41]} Re8 {[%clk 0:01:36]} 33. Rfe1 {[%clk 0:03:38]}
Rfe6 {[%clk 0:02:01]} 34. Bd5 {[%clk 0:03:00]} Rxe3 {[%clk 0:01:44]} 35. Rxe3
{[%clk 0:03:23]} Kf6 {[%clk 0:01:53]} 36. Qh4+ {[%clk 0:03:12]} Kg7 {[%clk
0:02:18]} 37. Qe1 {[%clk 0:03:40]} Rxe3 {[%clk 0:01:52]} 38. Qxe3 {[%clk
0:04:06]} Kf6 {[%clk 0:02:15]} 39. Kf2 {[%clk 0:03:56]} Be6 {[%clk 0:02:17]} 40.
Bf3 {[%clk 0:03:14]} Bf5 {[%clk 0:02:03]} 41. d5 {[%clk 0:02:55]} Qe7 {[%clk
0:01:26]} 42. Qxe7+ {[%clk 0:00:58]} Kxe7 {[%clk 0:01:35]} 43. a3 {[%clk
0:00:53]} Kf6 {[%clk 0:01:10]} 44. Ke3 {[%clk 0:01:11]} g5 {[%clk 0:00:47]} 45.
fxg5+ {[%clk 0:00:56]} Kxg5 {[%clk 0:01:01]} 46. Kd4 {[%clk 0:01:06]} Kh4 {[%clk
0:00:56]} 47. Bg2 {[%clk 0:01:09]} Bh3 {[%clk 0:00:58]} 48. Be4 {[%clk 0:01:06]}
Bd7 {[%clk 0:00:49]} 49. Bg2 {[%clk 0:00:44]} Bh3 {[%clk 0:00:46]} 50. Bh1 {[%clk
0:00:43]} Bf1 {[%clk 0:01:06]} 51. Ke4 {[%clk 0:00:45]} Bd3+ {[%clk 0:00:50]} 52.
Kf4 {[%clk 0:01:03]} Kh3 {[%clk 0:01:13]} 53. Bf3 {[%clk 0:01:06]} Bg6 {[%clk
0:00:45]} 54. Bd1 {[%clk 0:00:39]} Kxh2 {[%clk 0:00:54]} 55. Bg4 {[%clk 0:00:47]}
Kg2 {[%clk 0:00:41]} 56. Bc8 {[%clk 0:01:01]} h5 {[%clk 0:00:35]} 57. Kg5 {[%clk
0:01:09]} Be8 {[%clk 0:01:01]} 58. Bxa6 {[%clk 0:01:25]} Kf3 {[%clk 0:01:03]} 59.
Bb7 {[%clk 0:01:35]} Ke4 {[%clk 0:01:06]} 60. Bc6 {[%clk 0:01:11]} Bf7 {[%clk
0:01:31]} 61. Bxb5 {[%clk 0:01:20]} Kxd5 {[%clk 0:01:47]} 62. a4 {[%clk 0:01:16]}
Kc5 {[%clk 0:01:40]} 63. Bd7 {[%clk 0:01:17]} Bd5 {[%clk 0:01:50]} 64. a5 {[%clk
0:00:43]} Bc6 {[%clk 0:01:46]} 65. Bc8 {[%clk 0:00:41]} Kb5 {[%clk 0:02:07]} 66.
a6 {[%clk 0:00:54]} Kb6 {[%clk 0:02:30]} 67. Be6 {[%clk 0:00:43]} Bb5 {[%clk
0:02:53]} 68. Kxh5 {[%clk 0:01:00]} Kxa6 {[%clk 0:02:43]} 69. Kg5 {[%clk
0:01:10]} Ka5 {[%clk 0:03:01]} 70. Bg4 {[%clk 0:01:06]} Bc6 {[%clk 0:02:14]} 71.
Kf6 {[%clk 0:01:07]} Kb6 {[%clk 0:01:55]} 72. Be6 {[%clk 0:00:39]} Kc5 {[%clk
0:02:20]} 73. Kf5 {[%clk 0:00:50]} Bg2 {[%clk 0:01:47]} 74. Kf4 {[%clk 0:00:58]}
Bc6 {[%clk 0:01:53]} 75. Ke3 {[%clk 0:01:17]} Ba4 {[%clk 0:01:13]} 76. Kf4 {[%clk
0:01:20]} Bb3 {[%clk 0:01:27]} 77. Ke4 {[%clk 0:01:18]} Bc2+ {[%clk 0:01:39]} 78.
Kf4 {[%clk 0:01:30]} Bb3 {[%clk 0:02:03]} 79. Ke3 {[%clk 0:01:46]} Bc2 {[%clk
0:02:01]} 80. Kf4 {[%clk 0:02:02]} Bb3 {[%clk 0:02:01]} 1/2-1/2

[Event "Campeonato España Sub 16"]
[Site "Salobreña"]
[Date "2017.07.26"]
[Round "5"]
[White "Guerra Rivera, Salvador"]
[Black "Galiana Fernandez, Adrian"]
[Result "1-0"]
[Board "1"]
[WhiteClock "n/a"]
[WhiteTitle "FM"]
[WhiteElo "2362"]
[WhiteCountry "ESP"]
[WhiteFideId "32096542"]
[WhiteEloChange "8"]
[BlackClock "n/a"]
[BlackElo "2274"]
[BlackCountry "ESP"]
[BlackFideId "32010150"]
[BlackEloChange "-8"]

1. e4 {[%clk 1:30:30]} c5 {[%clk 1:30:30]} 2. Nf3 {[%clk 1:30:30]} e6 {[%clk
1:30:30]} 3. c4 {[%clk 1:30:30]} Nc6 {[%clk 1:30:30]} 4. Nc3 {[%clk 1:30:30]} Nd4
{[%clk 1:30:30]} 5. g3 {[%clk 1:30:30]} Ne7 {[%clk 1:30:30]} 6. Bg2 {[%clk
1:30:30]} Nec6 {[%clk 1:30:30]} 7. d3 {[%clk 1:30:30]} d6 {[%clk 1:30:30]} 8. a3
{[%clk 1:30:30]} g6 {[%clk 1:30:30]} 9. O-O {[%clk 1:30:30]} Bg7 {[%clk 1:30:30]}
10. Rb1 {[%clk 1:30:30]} O-O {[%clk 1:30:30]} 11. Nxd4 {[%clk 1:30:30]} cxd4
{[%clk 1:30:30]} 12. Ne2 {[%clk 1:30:30]} a6 {[%clk 1:30:30]} 13. b4 {[%clk
1:30:30]} e5 {[%clk 1:30:30]} 14. a4 {[%clk 1:30:30]} a5 {[%clk 1:30:30]} 15. b5
{[%clk 1:30:30]} Nb8 {[%clk 1:30:30]} 16. Ba3 {[%clk 1:30:30]} Qc7 {[%clk
1:30:30]} 17. f4 {[%clk 1:30:30]} Rd8 {[%clk 1:30:30]} 18. Rc1 {[%clk 1:30:30]}
b6 {[%clk 1:30:30]} 19. fxe5 {[%clk 1:30:30]} dxe5 {[%clk 1:30:30]} 20. c5 {[%clk
1:30:30]} Bf8 {[%clk 1:30:30]} 21. cxb6 {[%clk 1:30:30]} Qxb6 {[%clk 1:30:30]}
22. Bxf8 {[%clk 1:30:30]} Rxf8 {[%clk 1:30:30]} 23. Qd2 {[%clk 1:30:30]} Ra7
{[%clk 1:30:30]} 24. Qh6 {[%clk 1:30:30]} Rc7 {[%clk 1:30:30]} 25. Bh3 {[%clk
1:30:30]} Bxh3 {[%clk 1:30:30]} 26. Qxh3 {[%clk 1:30:30]} Nd7 {[%clk 1:30:30]}
27. Rxc7 {[%clk 1:30:30]} Qxc7 {[%clk 1:30:30]} 28. Rc1 {[%clk 1:30:30]} Nc5
{[%clk 1:30:30]} 29. Rc4 {[%clk 1:30:30]} Qa7 {[%clk 1:30:30]} 30. Nc1 {[%clk
1:30:30]} Nxe4 {[%clk 1:30:30]} 31. Qg2 {[%clk 1:30:30]} Nc3 {[%clk 1:30:30]} 32.
Qc6 {[%clk 1:30:30]} Qe7 {[%clk 1:30:30]} 33. Nb3 {[%clk 1:30:30]} Qg5 {[%clk
1:30:30]} 34. Qf3 {[%clk 1:30:30]} f5 {[%clk 1:30:30]} 35. h4 {[%clk 1:30:30]}
Qh6 {[%clk 1:30:30]} 36. Kg2 {[%clk 1:30:30]} f4 {[%clk 1:30:30]} 37. Rc6 {[%clk
1:30:30]} fxg3 {[%clk 1:30:30]} 38. Rf6 {[%clk 1:30:30]} Rd8 {[%clk 1:30:30]} 39.
Qxg3 {[%clk 1:30:30]} Nd5 {[%clk 1:30:30]} 40. Rf2 {[%clk 1:30:30]} Ne3+ {[%clk
1:30:30]} 41. Kg1 {[%clk 1:30:30]} Qh5 {[%clk 1:30:30]} 42. Qf3 {[%clk 1:30:30]}
Qxh4 {[%clk 1:30:30]} 43. Qf7+ {[%clk 1:30:30]} Kh8 {[%clk 1:30:30]} 44. Qf6+
{[%clk 1:30:30]} Qxf6 {[%clk 1:30:30]} 45. Rxf6 {[%clk 1:30:30]} e4 {[%clk
1:30:30]} 46. dxe4 {[%clk 1:30:30]} d3 {[%clk 1:30:30]} 47. Nd2 {[%clk 1:30:30]}
Rd4 {[%clk 1:30:30]} 48. b6 {[%clk 1:30:30]} Kg7 {[%clk 1:30:30]} 49. Rc6 {[%clk
1:30:30]} Rxa4 {[%clk 1:30:30]} 50. Rc3 {[%clk 1:30:30]} Rb4 {[%clk 1:30:30]} 51.
Rb3 {[%clk 1:30:30]} Nc2 {[%clk 1:30:30]} 52. b7 {[%clk 1:30:30]} 1-0

[Event "Campeonato España Sub 16"]
[Site "Salobreña"]
[Date "2017.07.26"]
[Round "5"]
[White "Callejas Rojas, Francisco Miguel"]
[Black "Gines Esteo, Pedro Antonio"]
[Result "0-1"]
[Board "2"]
[WhiteClock "1:30"]
[WhiteElo "2164"]
[WhiteCountry "ESP"]
[WhiteFideId "32072503"]
[WhiteEloChange "-5"]
[BlackClock "1:30"]
[BlackTitle "FM"]
[BlackElo "2375"]
[BlackCountry "ESP"]
[BlackFideId "32080190"]
[BlackEloChange "5"]

1. d4 {[%clk 1:30:00]} d6 {[%clk 1:30:00]} 2. c4 {[%clk 1:31:00]} e5 {[%clk
1:30:00]} 3. Nc3 {[%clk 1:27:00]} exd4 {[%clk 1:30:00]} 4. Qxd4 {[%clk 1:28:00]}
Nc6 {[%clk 1:31:00]} 5. Qd2 {[%clk 1:27:00]} Nf6 {[%clk 1:29:00]} 6. g3 {[%clk
1:24:00]} Be6 {[%clk 1:29:00]} 7. Nd5 {[%clk 1:24:00]} Ne5 {[%clk 1:15:00]} 8. b3
{[%clk 1:23:00]} Ne4 {[%clk 0:57:00]} 9. Qe3 {[%clk 1:10:00]} c6 {[%clk 0:55:00]}
10. Qxe4 {[%clk 1:01:00]} f5 {[%clk 0:50:00]} 11. Qd4 {[%clk 0:57:00]} cxd5
{[%clk 0:50:00]} 12. cxd5 {[%clk 0:52:00]} Qa5+ {[%clk 0:51:00]} 13. Bd2 {[%clk
0:52:00]} Qxd5 {[%clk 0:51:00]} 14. Qxd5 {[%clk 0:52:00]} Bxd5 {[%clk 0:52:00]}
15. f3 {[%clk 0:52:00]} Rc8 {[%clk 0:46:00]} 16. Rc1 {[%clk 0:51:00]} Rxc1+
{[%clk 0:46:00]} 17. Bxc1 {[%clk 0:51:00]} Be7 {[%clk 0:46:00]} 18. Bg2 {[%clk
0:43:00]} Kd7 {[%clk 0:46:00]} 19. Nh3 {[%clk 0:42:00]} Rc8 {[%clk 0:46:00]} 20.
Kd2 {[%clk 0:38:00]} Bd8 {[%clk 0:43:00]} 21. Nf4 {[%clk 0:26:00]} Bf7 {[%clk
0:40:00]} 22. h4 {[%clk 0:18:50]} a5 {[%clk 0:34:00]} 23. Bh3 {[%clk 0:13:28]} g6
{[%clk 0:34:00]} 24. g4 {[%clk 0:11:20]} g5 {[%clk 0:30:00]} 25. Nd3 {[%clk
0:09:01]} Nxd3 {[%clk 0:30:00]} 26. exd3 {[%clk 0:07:18]} gxh4 {[%clk 0:28:00]}
27. Kd1 {[%clk 0:05:14]} a4 {[%clk 0:25:00]} 28. gxf5 {[%clk 0:05:01]} Bf6 {[%clk
0:24:00]} 29. bxa4 {[%clk 0:03:47]} Bxa2 {[%clk 0:25:00]} 30. a5 {[%clk 0:01:46]}
Bb3+ {[%clk 0:25:00]} 31. Ke2 {[%clk 0:02:08]} d5 {[%clk 0:24:00]} 32. Bd2 {[%clk
0:00:59]} Re8+ {[%clk 0:24:00]} 33. Kf1 {[%clk 0:00:41]} Bc2 {[%clk 0:24:00]} 34.
Be1 {[%clk 0:00:32]} Bxd3+ {[%clk 0:24:00]} 0-1

[Event "Campeonato España Sub 16"]
[Site "Salobreña"]
[Date "2017.07.26"]
[Round "5"]
[White "Plazuelo Pascual, Juan"]
[Black "Lianes Garcia, Marcos"]
[Result "1/2-1/2"]
[Board "3"]
[WhiteClock "1:30"]
[WhiteTitle "FM"]
[WhiteElo "2334"]
[WhiteCountry "ESP"]
[WhiteFideId "32059566"]
[WhiteEloChange "1"]
[BlackClock "1:30"]
[BlackTitle "FM"]
[BlackElo "2352"]
[BlackCountry "ESP"]
[BlackFideId "32060777"]
[BlackEloChange "-1"]

1. d4 {[%clk 1:30:00]} Nf6 {[%clk 1:30:00]} 2. c4 {[%clk 1:31:00]} c5 {[%clk
1:30:00]} 3. d5 {[%clk 1:31:00]} b5 {[%clk 1:31:00]} 4. cxb5 {[%clk 1:32:00]} a6
{[%clk 1:31:00]} 5. e3 {[%clk 1:31:00]} e6 {[%clk 1:22:00]} 6. Nc3 {[%clk
1:31:00]} exd5 {[%clk 1:13:00]} 7. Nxd5 {[%clk 1:30:00]} Bb7 {[%clk 1:12:00]} 8.
Nxf6+ {[%clk 1:28:00]} Qxf6 {[%clk 1:13:00]} 9. Nf3 {[%clk 1:28:00]} Be7 {[%clk
1:09:00]} 10. bxa6 {[%clk 1:24:00]} Nxa6 {[%clk 1:07:00]} 11. Bc4 {[%clk
1:15:00]} O-O {[%clk 0:56:00]} 12. O-O {[%clk 1:14:00]} Nb4 {[%clk 0:49:00]} 13.
e4 {[%clk 1:00:00]} Qg6 {[%clk 0:37:00]} 14. Bd2 {[%clk 0:53:00]} Qxe4 {[%clk
0:29:00]} 15. Bb3 {[%clk 0:45:00]} Bf6 {[%clk 0:26:00]} 16. Bc3 {[%clk 0:44:00]}
Nd5 {[%clk 0:21:00]} 17. Bxf6 {[%clk 0:33:00]} Nxf6 {[%clk 0:21:00]} 18. Rc1
{[%clk 0:33:00]} Qf5 {[%clk 0:19:17]} 19. Nh4 {[%clk 0:30:00]} Qg5 {[%clk
0:19:09]} 20. Nf3 {[%clk 0:30:00]} Qf5 {[%clk 0:19:32]} 21. Nh4 {[%clk 0:31:00]}
Qg5 {[%clk 0:19:36]} 22. Nf3 {[%clk 0:31:00]} 1/2-1/2

[Event "Campeonato España Sub 16"]
[Site "Salobreña"]
[Date "2017.07.26"]
[Round "5"]
[White "Gomez Sanjuan, Hector Fernando"]
[Black "Sama Salinas, Hector"]
[Result "1/2-1/2"]
[Board "4"]
[WhiteClock "1:30"]
[WhiteElo "2189"]
[WhiteCountry "ESP"]
[WhiteFideId "22274960"]
[BlackClock "1:30"]
[BlackElo "2205"]
[BlackCountry "ESP"]
[BlackFideId "32086857"]

1. d4 {[%clk 1:30:00]} Nf6 {[%clk 1:30:00]} 2. c4 {[%clk 1:30:00]} g6 {[%clk
1:31:00]} 3. Nc3 {[%clk 1:31:00]} Bg7 {[%clk 1:31:00]} 4. e4 {[%clk 1:31:00]} d6
{[%clk 1:32:00]} 5. Nf3 {[%clk 1:31:00]} O-O {[%clk 1:32:00]} 6. Be2 {[%clk
1:31:00]} Bg4 {[%clk 1:32:00]} 7. Ng1 {[%clk 1:31:00]} Bc8 {[%clk 1:33:00]} 8.
Nf3 {[%clk 1:31:00]} Bg4 {[%clk 1:33:00]} 9. Ng1 {[%clk 1:30:00]} Bxe2 {[%clk
1:33:00]} 10. Ngxe2 {[%clk 1:31:00]} c5 {[%clk 1:32:00]} 11. d5 {[%clk 1:29:00]}
a6 {[%clk 1:30:00]} 12. a4 {[%clk 1:27:00]} Re8 {[%clk 1:29:00]} 13. O-O {[%clk
1:27:00]} e6 {[%clk 1:28:00]} 14. Ng3 {[%clk 1:26:00]} exd5 {[%clk 1:28:00]} 15.
exd5 {[%clk 1:18:00]} Nbd7 {[%clk 1:27:00]} 16. Qc2 {[%clk 1:15:00]} Qe7 {[%clk
1:19:00]} 17. Bd2 {[%clk 1:10:00]} h5 {[%clk 1:15:00]} 18. Rfe1 {[%clk 1:09:00]}
Qf8 {[%clk 1:15:00]} 19. Nge4 {[%clk 1:04:00]} Nxe4 {[%clk 1:14:00]} 20. Nxe4
{[%clk 1:03:00]} Nf6 {[%clk 1:14:00]} 21. Nxf6+ {[%clk 0:55:00]} Bxf6 {[%clk
1:15:00]} 22. Bc3 {[%clk 0:55:00]} Rxe1+ {[%clk 1:11:00]} 23. Rxe1 {[%clk
0:54:00]} Re8 {[%clk 1:11:00]} 24. Rxe8 {[%clk 0:48:00]} Qxe8 {[%clk 1:11:00]}
25. a5 {[%clk 0:36:00]} Bxc3 {[%clk 1:06:00]} 26. Qxc3 {[%clk 0:37:00]} Qe4
{[%clk 1:06:00]} 27. Kf1 {[%clk 0:35:00]} Qb1+ {[%clk 0:57:00]} 28. Ke2 {[%clk
0:34:00]} Qe4+ {[%clk 0:56:00]} 29. Kf1 {[%clk 0:34:00]} Qb1+ {[%clk 0:56:00]}
30. Ke2 {[%clk 0:35:00]} Qe4+ {[%clk 0:55:00]} 31. Kf1 {[%clk 0:35:00]} 1/2-1/2

[Event "Campeonato España Sub 16"]
[Site "Salobreña"]
[Date "2017.07.26"]
[Round "5"]
[White "Sobrino Forte, Alvaro"]
[Black "Ayats Llobera, Gerard"]
[Result "0-1"]
[Board "5"]
[WhiteClock "1:30"]
[WhiteElo "2003"]
[WhiteCountry "ESP"]
[WhiteFideId "24549495"]
[WhiteEloChange "-4"]
[BlackClock "1:30"]
[BlackTitle "FM"]
[BlackElo "2261"]
[BlackCountry "ESP"]
[BlackFideId "32067607"]
[BlackEloChange "4"]

1. e4 {[%clk 1:30:00]} c5 {[%clk 1:30:00]} 2. Nf3 {[%clk 1:31:00]} e6 {[%clk
1:31:00]} 3. d4 {[%clk 1:31:00]} cxd4 {[%clk 1:31:00]} 4. Nxd4 {[%clk 1:31:00]}
a6 {[%clk 1:31:00]} 5. Nc3 {[%clk 1:31:00]} Qc7 {[%clk 1:32:00]} 6. Bd3 {[%clk
1:30:00]} Nf6 {[%clk 1:32:00]} 7. f4 {[%clk 1:27:00]} d6 {[%clk 1:32:00]} 8. Qe2
{[%clk 1:23:00]} Nbd7 {[%clk 1:33:00]} 9. a4 {[%clk 1:22:00]} b6 {[%clk 1:32:00]}
10. O-O {[%clk 1:21:00]} Be7 {[%clk 1:31:00]} 11. Bd2 {[%clk 1:19:00]} h5 {[%clk
1:24:00]} 12. Rae1 {[%clk 1:14:00]} Qc5 {[%clk 1:21:00]} 13. Be3 {[%clk 1:09:00]}
Ng4 {[%clk 1:22:00]} 14. Nf5 {[%clk 0:58:00]} Nxe3 {[%clk 1:22:00]} 15. Nxe3
{[%clk 0:58:00]} Bb7 {[%clk 1:09:00]} 16. Kh1 {[%clk 0:58:00]} Bf6 {[%clk
1:06:00]} 17. e5 {[%clk 0:53:00]} dxe5 {[%clk 0:57:00]} 18. Ne4 {[%clk 0:52:00]}
Bxe4 {[%clk 0:46:00]} 19. Bxe4 {[%clk 0:52:00]} Ra7 {[%clk 0:46:00]} 20. f5
{[%clk 0:51:00]} Ke7 {[%clk 0:38:00]} 21. fxe6 {[%clk 0:42:00]} fxe6 {[%clk
0:38:00]} 22. Qc4 {[%clk 0:41:00]} Rc8 {[%clk 0:35:00]} 23. Qe2 {[%clk 0:37:00]}
Qb4 {[%clk 0:33:00]} 24. Bd5 {[%clk 0:30:00]} Qxa4 {[%clk 0:26:00]} 25. Bb3
{[%clk 0:31:00]} Qh4 {[%clk 0:25:00]} 26. Nc4 {[%clk 0:28:00]} b5 {[%clk
0:24:00]} 27. Nd2 {[%clk 0:26:00]} Nc5 {[%clk 0:24:00]} 28. Nf3 {[%clk 0:25:00]}
Qg4 {[%clk 0:24:00]} 29. h3 {[%clk 0:22:00]} Qg3 {[%clk 0:24:00]} 30. Ba2 {[%clk
0:18:47]} Rd7 {[%clk 0:20:00]} 31. b4 {[%clk 0:16:47]} Nb7 {[%clk 0:08:08]} 32.
Bb3 {[%clk 0:10:40]} Nd8 {[%clk 0:05:00]} 33. Nxe5 {[%clk 0:09:01]} Bxe5 {[%clk
0:05:25]} 34. Qxe5 {[%clk 0:09:23]} Qxe5 {[%clk 0:05:50]} 35. Rxe5 {[%clk
0:09:53]} Kd6 {[%clk 0:03:30]} 36. Rxh5 {[%clk 0:09:57]} Nc6 {[%clk 0:03:17]} 37.
Rd1+ {[%clk 0:08:23]} Ke7 {[%clk 0:03:31]} 38. Rxd7+ {[%clk 0:08:13]} Kxd7 {[%clk
0:04:00]} 39. Rg5 {[%clk 0:07:15]} Nxb4 {[%clk 0:03:53]} 40. Rxg7+ {[%clk
0:06:51]} Kd6 {[%clk 0:04:22]} 41. Rg6 {[%clk 0:06:33]} Nd5 {[%clk 0:03:37]} 42.
Rg4 {[%clk 0:04:02]} a5 {[%clk 0:03:31]} 43. h4 {[%clk 0:01:20]} a4 {[%clk
0:04:00]} 44. Bxd5 {[%clk 0:00:40]} exd5 {[%clk 0:04:21]} 45. Rg6+ {[%clk
0:00:39]} Kc5 {[%clk 0:04:29]} 46. Ra6 {[%clk 0:00:36]} Kb4 {[%clk 0:04:04]} 47.
h5 {[%clk 0:04:18]} Rxc2 {[%clk 0:00:55]} 48. h6 {[%clk 0:01:48]} Rc8 {[%clk
0:02:17]} 49. g4 {[%clk 0:04:58]} d4 {[%clk 0:00:57]} 50. g5 {[%clk 0:04:02]} Rd8
{[%clk 0:00:57]} 51. Rf6 {[%clk 0:03:47]} d3 {[%clk 0:00:57]} 52. h7 {[%clk
0:03:33]} d2 {[%clk 0:00:57]} 53. Rf1 {[%clk 0:03:27]} d1Q {[%clk 0:00:40]} 54.
Rxd1 {[%clk 0:03:27]} Rxd1+ {[%clk 0:00:39]} 55. Kg2 {[%clk 0:03:19]} Rd8 {[%clk
0:00:43]} 56. g6 {[%clk 0:03:14]} a3 {[%clk 0:00:43]} 57. g7 {[%clk 0:03:14]} a2
{[%clk 0:00:43]} 58. h8Q {[%clk 0:02:48]} a1Q {[%clk 0:00:43]} 59. Qxd8 {[%clk
0:03:21]} Qxg7+ {[%clk 0:00:40]} 60. Kf3 {[%clk 0:03:21]} Qc3+ {[%clk 0:00:40]}
61. Ke2 {[%clk 0:03:21]} Kb3 {[%clk 0:00:40]} 62. Qb6 {[%clk 0:03:21]} b4 {[%clk
0:00:40]} 63. Kd1 {[%clk 0:03:21]} Qc2+ {[%clk 0:00:40]} 64. Ke1 {[%clk 0:03:21]}
Qd3 {[%clk 0:00:40]} 65. Qa5 {[%clk 0:03:21]} Qc3+ {[%clk 0:00:40]} 66. Kd1
{[%clk 0:03:21]} Kb2 {[%clk 0:00:40]} 67. Qf5 {[%clk 0:03:21]} Qc1+ {[%clk
0:00:40]} 0-1